000 00586nam a2200241Ia 4500
003 OSt
005 20250306093848.0
008 210210b1905 xxu||||| |||| 00| 0 eng d
040 _cAL
041 _aFrench
082 _a444/58
100 _aVILLERMONT (H A De)
_9204471
245 _aEn marge des temps modernes
260 _aOxford
_bAt the Clarendon Press
_c1905
650 _atemps
_9204472
650 _amodernes
_9204473
650 _amarge
_9204474
650 _aEn
_9204475
650 _ades
_9204476
690 _aFrench
_9204477
906 _a006253
942 _2ddc
_cBK
999 _c129272
_d129272